| 000 | 00415 a2200121 4500 | ||
|---|---|---|---|
| 001 | ART_26490 | ||
| 005 | 20260410161940.0 | ||
| 008 | 260409a | ||
| 245 | 1 | 0 | _aEl sector externo argentino desde la crisis de la deuda |
| 100 | 1 | _aRozenwurcel, Guillermo | |
| 700 | 1 | _aSánchez, Marcelo | |
| 773 | 0 |
_tCiclos en la historia, la economía y la sociedad _g- Vol. IV, Nº 6 (ene./jun. 1994) _wREV26321 |
|
| 999 |
_c29394 _d29394 |
||